Osobnosť v náročných situáciách z hľadiska ošetrovateľstva

Bibliographic Details
Main Author: Zalubelová, Daniela (Author)
Format: Article
Language:Slovak
ISSN:1335-5090
Subjects:

MARC

LEADER 00000nab a2200000 a 4500
001 vtls008415802
003 SK-MaSNL
005 20260304142111.0
008 250505c2005 xo 0 slo
015 |a SNBCL2005/5 
035 |a SLK034075 
035 |a urn:nbn:sk:snk-ab6xz9 
035 |a (uuid)968c81e6-3c49-4563-b978-16680c1bb61c 
035 |a (urnnbn)urn:nbn:sk:snk:ar-a0676a 
035 |a (sysno)vtls008415802 
040 |a SNKBUCL  |b slo  |c SNKBUCL  |e AACR2 
041 0 |a slo  |b eng  |b slo 
044 |a xo  |c SK 
080 |a 614.253.5:159.923  |2 1981 
100 1 |a Zalubelová, Daniela  |u ORL klinika FNsP sv. Cyrila a Metoda, Bratislava  |4 aut  |9 1461173 
245 1 0 |a Osobnosť v náročných situáciách z hľadiska ošetrovateľstva  |c Daniela Zalubelová 
246 1 0 |a The personality during demanding situations from the view of nursing care 
246 1 1 |a The personality during demanding situations from the view of nursing care 
504 |a Res. angl., slov. 
504 |a Bibliogr. odkazy 
650 0 7 |a ošetrovateľstvo  |x sily pracovné  |2 MESH  |9 1461057 
650 0 7 |a zaťaženie pracovné  |x psychológia  |2 MESH  |9 1208695 
650 0 7 |a frustrácia  |2 MESH  |9 19974 
650 0 7 |a stres psychologický  |x etiológia  |2 MESH  |9 844085 
650 0 7 |a vzťahy ošetrovateľka-pacient  |x etika  |2 MESH  |9 868142 
773 0 |t Revue ošetrovateľstva a laboratórnych metodík  |g Roč. 11, č. 2 (2005), s. 97-98  |x 1335-5090 
850 |a Slovenská národná knižnica 
852 |a Slovenská národná knižnica 
958 |a article27 
958 |a OND 
958 |a EUIPO 
999 |c 2920413  |d 2922343